1269 1540 1653 1250 1294 1981 1633 1684 1893 1366 1907 1913 1832 1240 1829 1379 1940 1519 1721 1954 1942 1236 1680 1773 1176 1916 1326 1085 1967 1432 1562 1895 1730 1093 1183 1465 1981 1698 1621 1233 1611 1880 1978 1094 1291 1741 1337 1354 1047 1517 1495 1355 1684 1136 1525 1101 1519 1072 1946 1441 1693 1089 1816 1097 1891 1094 1597 1861 1503 1585 1367 1164 1668 1382 1404 1851 1003 1127 1384 1683 1840 1661 1227 1717 1519 1759 1990 1772 1160 1271 1978 1661 1062 1801 1013 1722 1261 1289 1904 BCNSPRNW ULIB Ver.6.0+V

เปลี่ยนเป็นภาษาไทย

Change to English
 แสดงรายละเอียดบรรณานุกรม
  กลับหน้าหลัก

Brief Record : Get Marc (ISO 2709) : E-mail record : QR code < ปิดหน้าต่าง
LEADER : 00000nam 2200000uu 4500
001    13399125793
003     ULIB
008    170910s2560||||th 000 0 tha d
020    ^a9786167741284
060  4 ^aWT100^bก446
245 00 ^aภาวะฉุกเฉินในผู้สูงวัย =^bGeriatric emergency /^cบรรณาธิการ, จิราภรณ์ ศรีอ่อน, รพีพร โรจน์แสงเรือง, ชายวุฒิ สววิบูลย์
246 0  ^aGeriatric emergency
250    ^aพิมพ์ครั้งที่ 1
260    ^aกรุงเทพฯ :^bคณะแพทยศาสตร์วชิรพยาบาล มหาวิทยาลัยนวมินทราธิราช,^c2560
300    ^a440 หน้า :^bภาพประกอบ ;^c29 ซ.ม.
505 0  ^a... เวชศาสตร์ฉุกเฉินผู้สูงอายุ Geriatric Emergency Medicine ... การใช้ยาในผู้สูงอายุ Principle of drug presciption among the Elderly ... การรักษาผู้สูงอายุที่ได้รับบาดเจ็บ Management of trauma in the elderly ... ภาวะขาดนํ้า Dehydration ... ภาวะทุโภชนาการ Malnutrition ... อาการปวดศีรษะ Headache ... ระดับความรู้สึกตัวเปลี่ยนแปลง Altered mental status ... อาการเวียนศีรษะ Dizziness ... หมดสติชั่วคราว Syncope ... อาการเจ็บหน้าอก Chest pain ... ภาวะหายใจลำบาก Dyspnea ... ปวดท้องเฉียบพลัน Acute abdominal pain ... ความผิดปกติระบบผิวหนัง Dermatologic Conditions ... ความผิวปกติทางจิตเวชฉุกเฉิน Psychological Emergency ... ภาวะฉุกเฉินทางระบบประสาท Neurological Emergency ... ภาวะฉุกเฉินทางระบบหัวใจและหลอดเลือด Cardiovascular Emergency ... ภาวะฉุกเฉินทางระบบหายใจ Pulmonary Emergency ... ภาวะฉุกเฉินระบบทางเดินอาหาร Gastrointestinal Emergency ... ภาวะไตบาดเจ็บเฉียบพลัน Acute kidney Injury ... ภาวะบาดเจ็บทางกระดูก Orthopedic Injury ... ภาวะฉุกเฉินทางต่อมไร้ท่อ Endocrine Emergency ... ภาวะฉุกเฉินทางมะเร็ง Oncologic Emergency ... โรคติดเชื้อ Infectious diseases ... ภาวะพิษที่พบบ่อย Common drug Intoxication ... ภาวะหกล้ม Falls ... การดูแลผู้สูงอายุในภาวะภัยพิบัติ Geriatric care in disaster ... สิทธิในการรักษาของผู้สูงอายุในภาวะฉุกเฉิน Geriatric patient^'s beneficial in emergency department
650  7 ^aเวชศาสตร์ผู้สูงอายุ
650  7 ^aภาวะฉุกเฉิน
650  7 ^aผู้สูงอายุ^zไทย
650  7 ^aเวชศาสตร์ฉุกเฉิน
650  7 ^aเวชศาสตร์ฉุกเฉิน
700 0  ^aจิราภรณ์ ศรีอ่อน,^eบรรณาธิการ
700 0  ^aรพีพร โรจน์แสงเรือง,^eบรรณาธิการ
700 0  ^aชายวุฒิ สววิบูลย์,^eบรรณาธิการ
710 2  ^aมหาวิทยาลัยนวมินทราธิราช.^bคณะแพทยศาสตร์วชิรพยาบาล
856    ^a^zTable of Contents (Content)^uhttp://118.174.31.60:80/ULIB//_fulltext/Content/129408/20170607143731_2445.pdf
945    ^p590^l0^i25424
945    ^p590^l0^i25425
945    ^p590^l0^i25426
999    ^aกัณชพร จุลอักษร
รายการนี้ยังไม่มีแท็ก
คุณยังไม่ได้ล็อกอิน คุณสามารถมีกิจกรรมร่วมกับเว็บไซต์ได้ แต่ต้องล็อกอินก่อน ::
  ล็อกอิน

รายการสื่อสารสนเทศ

ลำดับที่ ประเภท เลขเรียก/บาร์โค้ด สถานที่ สถานะ
1. หนังสือสำรอง
หนังสือสำรอง
WT100 ก446 ฉ.1 
  Barcode: 25424
ห้องสมุดวิทยาเขตนครสวรรค์
►หนังสือทั่วไป:l:General Books
บนชั้น
2. วิทยาศาสตร์การแพทย์ และสุขภาพ
วิทยาศาสตร์การแพทย์ และสุขภาพ
WT100 ก446 ฉ.2 
  Barcode: 25425
ห้องสมุดวิทยาเขตนครสวรรค์
►หนังสือทั่วไป:l:General Books
บนชั้น
3. วิทยาศาสตร์การแพทย์ และสุขภาพ
วิทยาศาสตร์การแพทย์ และสุขภาพ
WT100 ก446 ฉ.3 
  Barcode: 25426
ห้องสมุดวิทยาเขตนครสวรรค์
►หนังสือทั่วไป:l:General Books
บนชั้น

รายการใกล้เคียง
    หัวเรื่อง [เวชศาสตร์ผู้สูงอายุ]
    หัวเรื่อง [ภาวะฉุกเฉิน]
    หัวเรื่อง [เวชศาสตร์ฉุกเฉิน]
    หัวเรื่อง [เวชศาสตร์ฉุกเฉิน]

BibComment


ยังไม่เคยถูกคอมเมนท์

คอมเมนท์ทรัพยากรรายการนี้
  คอมเมนท์: ภาวะฉุกเฉินในผู้..


 Copyright 2026. Bcnsprnw @Library